The lion and the lamb; (Record no. 7009)
[ view plain ]
| 000 -LEADER | |
|---|---|
| fixed length control field | 00843cam a2200301I 4500 |
| 001 - CONTROL NUMBER | |
| control field | 491504 |
| 003 - CONTROL NUMBER IDENTIFIER | |
| control field | OSt |
| 005 - DATE AND TIME OF LATEST TRANSACTION | |
| control field | 20190122143515.0 |
| 008 - FIXED-LENGTH DATA ELEMENTS--GENERAL INFORMATION | |
| fixed length control field | 750425s1950 nyu 000 0 eng c |
| 010 ## - LIBRARY OF CONGRESS CONTROL NUMBER | |
| LC control number | 50007627 |
| 035 ## - SYSTEM CONTROL NUMBER | |
| System control number | (OCoLC)ocm01298509 |
| 035 ## - SYSTEM CONTROL NUMBER | |
| System control number | 491504 |
| 040 ## - CATALOGING SOURCE | |
| Original cataloging agency | ITD |
| Language of cataloging | eng |
| Description conventions | rda |
| Transcribing agency | ITD |
| 049 ## - LOCAL HOLDINGS (OCLC) | |
| Holding library | PTSS |
| 050 0# - LIBRARY OF CONGRESS CALL NUMBER | |
| Classification number | BR121 |
| Item number | .K45 1950 |
| 082 ## - DEWEY DECIMAL CLASSIFICATION NUMBER | |
| Classification number | 248 |
| Item number | K35L |
| 100 1# - MAIN ENTRY--PERSONAL NAME | |
| Personal name | Kennedy, Gerald, |
| Dates associated with a name | 1907-1980. |
| 245 14 - TITLE STATEMENT | |
| Title | The lion and the lamb; |
| Remainder of title | paradoxes of the Christian faith. |
| 264 #1 - PRODUCTION, PUBLICATION, DISTRIBUTION, MANUFACTURE, AND COPYRIGHT NOTICE | |
| Place of production, publication, distribution, manufacture | New York : |
| Name of producer, publisher, distributor, manufacturer | Abingdon-Cokesbury Press, |
| Date of production, publication, distribution, manufacture, or copyright notice | [1950] |
| 300 ## - PHYSICAL DESCRIPTION | |
| Extent | 233 pages ; |
| Dimensions | 21 cm |
| 336 ## - CONTENT TYPE | |
| Content type term | text |
| Content type code | txt |
| Source | rdacontent |
| 337 ## - MEDIA TYPE | |
| Media type term | unmediated |
| Media type code | n |
| Source | rdamedia |
| 338 ## - CARRIER TYPE | |
| Carrier type term | volume |
| Carrier type code | nc |
| Source | rdacarrier |
| 650 #0 - SUBJECT ADDED ENTRY--TOPICAL TERM | |
| Topical term or geographic name entry element | Christianity |
| General subdivision | Essence, genius, nature. |
| 650 #0 - SUBJECT ADDED ENTRY--TOPICAL TERM | |
| Topical term or geographic name entry element | Paradoxes. |
| 942 ## - ADDED ENTRY ELEMENTS (KOHA) | |
| Source of classification or shelving scheme | Dewey Decimal Classification |
| Koha item type | Books |
| 945 ## - LOCAL PROCESSING INFORMATION (OCLC) | |
| a | MARCIVE20181205 |
| Withdrawn status | Lost status | Source of classification or shelving scheme | Damaged status | Not for loan | Collection code | Home library | Current library | Shelving location | Date acquired | Cost, normal purchase price | Total Checkouts | Full call number | Barcode | Date last seen | Price effective from | Koha item type |
|---|---|---|---|---|---|---|---|---|---|---|---|---|---|---|---|---|
| Dewey Decimal Classification | Non-fiction | Harvest Mission College | Harvest Mission College | General Stacks | 22.01.2019 | 1650.00 | 248 K35L | 007874 | 22.01.2019 | 22.01.2019 | Books |
